[Event "14th North Sea Cup"]
[Site "Esbjerg DEN"]
[Date "1996.??.??"]
[Round "6"]
[White "Kristiansen, Jens"]
[Black "Buus Pedersen, Hans"]
[Result "1-0"]
[WhiteElo "2440"]
[BlackElo "2230"]
[EventDate "1996.??.??"]
[PlyCount "57"]

1.e4 d6 2.d4 Nf6 3.Nc3 g6 4.f4 Bg7 5.Nf3 O-O 6.Be2 b6 7.e5 dxe5 8.dxe5 
Qxd1+ 9.Bxd1 Ne8 10.O-O Bb7 11.Be3 c5 12.Be2 Nc7 13.Rad1 Bc6 14.a4 Rc8 15.
Bc4 Nd7 16.Ng5 e6 17.Rd6 Ne8 18.Rd2 a6 19.Nxe6 Bh6 20.Ng5 Bxg5 21.e6 Ne5 
22.exf7+ Nxf7 23.fxg5 Ra7 24.a5 Re7 25.axb6 Bb5 26.Bxf7+ Rxf7 27.Rxf7 Kxf7
28.Nxb5 axb5 29.Bf4 1-0

[Event "14th North Sea Cup"]
[Site "Esbjerg DEN"]
[Date "1996.??.??"]
[Round "6"]
[White "Poulton, James"]
[Black "Rewitz, Poul"]
[Result "1-0"]
[WhiteElo "2360"]
[BlackElo "2320"]
[EventDate "1996.??.??"]
[PlyCount "63"]

1.e4 d5 2.exd5 Nf6 3.d4 Bg4 4.Nf3 Qxd5 5.Be2 Nc6 6.c4 Qf5 7.Be3 O-O-O 8.
Nbd2 e5 9.d5 Nb4 10.O-O Nc2 11.Rc1 Nxe3 12.fxe3 Bc5 13.Rc3 Qh5 14.h3 Rd6 
15.Nb3 Bb4 16.Rc2 Qh6 17.Qc1 Bxh3 18.gxh3 Qxh3 19.Nh2 h5 20.Rf3 Qh4 21.Qf1
Kb8 22.a3 Be1 23.Qh3 Bf2+ 24.Kf1 Qe4 25.Rc1 Bxe3 26.Rxe3 Qh1+ 27.Kf2 Ne4+ 
28.Rxe4 Qxe4 29.Re1 Rb6 30.Nf1 g5 31.Nc5 f5 32.Nxe4 1-0

[Event "14th North Sea Cup"]
[Site "Esbjerg DEN"]
[Date "1996.??.??"]
[Round "7"]
[White "Fries-Nielsen, Jens Ove"]
[Black "Venoe Jakobsen, Lars"]
[Result "1/2-1/2"]
[WhiteElo "2425"]
[BlackElo "2305"]
[EventDate "1996.??.??"]
[PlyCount "23"]

1.d4 Nf6 2.Nf3 e6 3.e3 b6 4.Bd3 Bb7 5.O-O c5 6.c4 Be7 7.Nc3 cxd4 8.exd4 d5
9.b3 O-O 10.Bb2 Nc6 11.Rc1 Rc8 12.a3 1/2-1/2

[Event "14th North Sea Cup"]
[Site "Esbjerg DEN"]
[Date "1996.??.??"]
[Round "7"]
[White "Kristensen, Leif"]
[Black "Kristiansen, Jens"]
[Result "1/2-1/2"]
[WhiteElo "2385"]
[BlackElo "2440"]
[EventDate "1996.??.??"]
[PlyCount "48"]

1.e4 Nf6 2.e5 Nd5 3.d4 d6 4.c4 Nb6 5.exd6 cxd6 6.Nc3 g6 7.Be3 Bg7 8.Rc1 
O-O 9.b3 e5 10.dxe5 dxe5 11.Qxd8 Rxd8 12.c5 N6d7 13.Bc4 Nc6 14.Nf3 Na5 15.
Bg5 Rf8 16.Be7 Nxc4 17.Bxf8 Kxf8 18.bxc4 Nxc5 19.O-O Bf5 20.Rfd1 Bd3 21.
Ne1 e4 22.Nxd3 Nxd3 23.Rc2 Nb4 24.Rcc1 Nd3 1/2-1/2

[Event "14th North Sea Cup"]
[Site "Esbjerg DEN"]
[Date "1996.??.??"]
[Round "7"]
[White "Buus Pedersen, Hans"]
[Black "Emms, John"]
[Result "0-1"]
[WhiteElo "2230"]
[BlackElo "2500"]
[EventDate "1996.??.??"]
[PlyCount "55"]

1.d4 Nf6 2.c4 e6 3.Nf3 c5 4.d5 d6 5.Nc3 exd5 6.cxd5 g6 7.e4 a6 8.Bf4 b5 9.
Qe2 Be7 10.e5 dxe5 11.Bxe5 Nbd7 12.O-O-O Nxe5 13.Nxe5 Qd6 14.Nc6 Kf8 15.g3
Bf5 16.Bg2 Re8 17.Rhe1 Bd8 18.Qd2 Kg7 19.Rxe8 Rxe8 20.Nxd8 Rxd8 21.h3 h5 
22.Qg5 Re8 23.Qd2 b4 24.Ne2 Ne4 25.Bxe4 Rxe4 26.g4 Rc4+ 27.Nc3 bxc3 28.
bxc3 0-1

[Event "14th North Sea Cup"]
[Site "Esbjerg DEN"]
[Date "1996.??.??"]
[Round "7"]
[White "Rewitz, Poul"]
[Black "Joergensen, Michael"]
[Result "1-0"]
[WhiteElo "2320"]
[BlackElo "2285"]
[EventDate "1996.??.??"]
[PlyCount "76"]

1.c3 f5 2.Nh3 Nf6 3.g3 g6 4.Bg2 Bg7 5.O-O Nc6 6.d3 O-O 7.Bd2 e5 8.Na3 d6 
9.Qc1 Qe7 10.Bh6 Be6 11.Bxg7 Kxg7 12.Nc2 h6 13.f3 Qf7 14.a4 g5 15.a5 a6 
16.e3 Qh5 17.b4 Rae8 18.Nf2 Qg6 19.c4 f4 20.b5 Ne7 21.bxa6 bxa6 22.Rb1 
fxg3 23.hxg3 Nf5 24.Rb7 Rf7 25.Nh1 h5 26.e4 Nh6 27.Ne3 Ref8 28.c5 d5 29.
Ra7 dxe4 30.dxe4 g4 31.Rxa6 gxf3 32.Rxe6 fxg2 33.Nxg2 Qg4 34.Rxe5 Nxe4 35.
Re1 Nf5 36.R5xe4 Qf3 37.Qb2+ Kh7 38.Rf4 Nd4 1-0

[Event "14th North Sea Cup"]
[Site "Esbjerg DEN"]
[Date "1996.??.??"]
[Round "7"]
[White "Roedgaard, John"]
[Black "Poulton, James"]
[Result "1/2-1/2"]
[WhiteElo "2375"]
[BlackElo "2360"]
[EventDate "1996.??.??"]
[PlyCount "57"]

1.c4 c5 2.Nf3 Nc6 3.d4 cxd4 4.Nxd4 g6 5.e4 Bg7 6.Be3 Nf6 7.Nc3 d6 8.Be2 
O-O 9.O-O Bd7 10.Rc1 Nxd4 11.Bxd4 Bc6 12.f3 Nd7 13.Be3 a5 14.Qd2 Nc5 15.
Rc2 a4 16.Rb1 Qb6 17.Nd5 Bxd5 18.cxd5 Rfc8 19.Kf1 h5 20.b4 axb3 21.axb3 
Qd8 22.Qb4 Na6 23.Rxc8 Qxc8 24.Qb6 Nc5 25.Rc1 Ra1 26.Rxa1 Bxa1 27.Qb4 Bf6 
28.Qc4 Qa8 29.b4 1/2-1/2

[Event "14th North Sea Cup"]
[Site "Esbjerg DEN"]
[Date "1996.??.??"]
[Round "8"]
[White "Emms, John"]
[Black "Kristensen, Leif"]
[Result "1-0"]
[WhiteElo "2500"]
[BlackElo "2385"]
[EventDate "1996.??.??"]
[PlyCount "49"]

1.e4 d5 2.exd5 Qxd5 3.Nc3 Qa5 4.Nf3 Nc6 5.Bb5 Bd7 6.O-O a6 7.Bxc6 Bxc6 8.
d4 O-O-O 9.Ne5 Be8 10.b4 Qb6 11.Be3 e6 12.Rb1 f6 13.Nc4 Qc6 14.Na5 Qxc3 
15.Rb3 Bxb4 16.Rxc3 Bxc3 17.Nxb7 Kxb7 18.Qb1+ Ka8 19.Qb3 Bxd4 20.Bxd4 Bb5 
21.c4 Bc6 22.Qa3 Bb7 23.Qc5 Kb8 24.Rb1 Kc8 25.Qa7 1-0

[Event "14th North Sea Cup"]
[Site "Esbjerg DEN"]
[Date "1996.??.??"]
[Round "8"]
[White "Venoe Jakobsen, Lars"]
[Black "Rewitz, Poul"]
[Result "0-1"]
[WhiteElo "2305"]
[BlackElo "2320"]
[EventDate "1996.??.??"]
[PlyCount "104"]

1.c4 b6 2.d4 Bb7 3.Nc3 e6 4.a3 f5 5.Nf3 Nf6 6.g3 Ne4 7.Qc2 Be7 8.Bg2 Nxc3 
9.Qxc3 O-O 10.O-O Bf6 11.Be3 Be4 12.Rac1 Nc6 13.b4 Qc8 14.Rfd1 Qb7 15.Qb3 
Ne7 16.Bf1 a6 17.Nd2 Bc6 18.f3 b5 19.Bf2 Bg5 20.c5 a5 21.h4 Bxd2 22.Rxd2 
axb4 23.axb4 Ra4 24.Qb1 Nd5 25.Rb2 Ra3 26.Rb3 Rfa8 27.Bg2 Rxb3 28.Qxb3 Ra4
29.Be1 Qa8 30.Rb1 Ra3 31.Qc2 Ne3 32.Qc1 f4 33.gxf4 Nxg2 34.Kxg2 Bxf3+ 35.
exf3 Qxf3+ 36.Kg1 Qg4+ 37.Kf1 Rh3 38.Qd1 Rf3+ 39.Bf2 Qh3+ 40.Ke1 Rxf4 41.
Qb3 Re4+ 42.Kd2 Qg2 43.Qg3 Rxd4+ 44.Ke2 Qe4+ 45.Be3 Qc2+ 46.Kf3 Qf5+ 47.
Ke2 Rg4 48.Qh3 Qc2+ 49.Kf3 Qe4+ 50.Kf2 Rxh4 51.Qg3 Qf5+ 52.Ke2 Rh3 0-1

[Event "14th North Sea Cup"]
[Site "Esbjerg DEN"]
[Date "1996.??.??"]
[Round "8"]
[White "Kristiansen, Jens"]
[Black "Fries-Nielsen, Jens Ove"]
[Result "1/2-1/2"]
[WhiteElo "2440"]
[BlackElo "2425"]
[EventDate "1996.??.??"]
[PlyCount "78"]

1.e4 c5 2.Nf3 e6 3.Nc3 a6 4.d4 cxd4 5.Nxd4 Qc7 6.Bd3 Nf6 7.O-O b5 8.Qe2 d6
9.f4 Nbd7 10.Kh1 Bb7 11.Bd2 Be7 12.b4 O-O 13.a4 bxa4 14.Nxa4 Rfe8 15.c4 e5
16.Nb3 exf4 17.Bxf4 Bf8 18.Nc3 Qb6 19.Na5 Ne5 20.Bxe5 Rxe5 21.Nxb7 Qxb7 
22.Rxf6 gxf6 23.Nd5 Bg7 24.Qg4 Rxd5 25.exd5 f5 26.Bxf5 Qxb4 27.Rf1 Qd2 28.
Be4 Qh6 29.g3 Rf8 30.Rf4 a5 31.Qf5 Qg6 32.Qh3 Qh6 33.Qf5 Qg6 34.Qh3 Qh6 
35.Qxh6 Bxh6 36.Rf6 Re8 37.Rxh6 Rxe4 38.Rxd6 Rxc4 39.Ra6 a4 1/2-1/2

[Event "14th North Sea Cup"]
[Site "Esbjerg DEN"]
[Date "1996.??.??"]
[Round "8"]
[White "Poulton, James"]
[Black "Joergensen, Michael"]
[Result "1-0"]
[WhiteElo "2360"]
[BlackElo "2285"]
[EventDate "1996.??.??"]
[PlyCount "57"]

1.d4 f5 2.Bg5 h6 3.Bh4 g5 4.e4 Bg7 5.Bg3 fxe4 6.Nc3 Nf6 7.f3 d5 8.h4 g4 9.
fxe4 dxe4 10.Bc4 Bf5 11.Nge2 Nc6 12.O-O e6 13.Nb5 Rc8 14.Rxf5 exf5 15.Qf1 
a6 16.Qxf5 Ne7 17.Qe6 Rf8 18.Nbc3 Qd7 19.Nf4 b5 20.Bb3 c5 21.dxc5 Rc6 22.
Qe5 Qf5 23.Ne6 Rf7 24.Rd1 Nd7 25.Nxg7+ Rxg7 26.Qxg7 Qxc5+ 27.Kh2 Rg6 28.
Qf7+ Kd8 29.Qf8# 1-0

[Event "14th North Sea Cup"]
[Site "Esbjerg DEN"]
[Date "1996.??.??"]
[Round "8"]
[White "Roedgaard, John"]
[Black "Buus Pedersen, Hans"]
[Result "1-0"]
[WhiteElo "2375"]
[BlackElo "2230"]
[EventDate "1996.??.??"]
[PlyCount "47"]

1.c4 Nf6 2.Nf3 d6 3.d4 g6 4.Nc3 Bg7 5.e4 O-O 6.Be2 Nbd7 7.O-O c6 8.Qc2 Qc7
9.Rd1 Re8 10.Rb1 e5 11.b4 exd4 12.Nxd4 Nf8 13.Bg5 Ng4 14.Bh4 Be5 15.h3 Bf6
16.Bg3 Bxd4 17.Rxd4 Ne5 18.Qd2 a5 19.b5 c5 20.Rxd6 Qe7 21.f4 Ned7 22.e5 f6
23.Nd5 Qg7 24.Nc7 1-0

[Event "14th North Sea Cup"]
[Site "Esbjerg DEN"]
[Date "1996.??.??"]
[Round "9"]
[White "Fries-Nielsen, Jens Ove"]
[Black "Emms, John"]
[Result "1/2-1/2"]
[WhiteElo "2425"]
[BlackElo "2500"]
[EventDate "1996.??.??"]
[PlyCount "92"]

1.d4 Nf6 2.Nf3 e6 3.Bg5 c5 4.e3 Be7 5.Nbd2 d5 6.c3 Nbd7 7.Bd3 O-O 8.O-O 
Qc7 9.Qb1 h6 10.Bh4 b6 11.Bg3 Bd6 12.Bxd6 Qxd6 13.Re1 Bb7 14.b4 Rab8 15.
Qb2 e5 16.dxe5 Nxe5 17.Nxe5 Qxe5 18.Rab1 Rfc8 19.Nf3 Qc7 20.Rbc1 Rd8 21.
Be2 Rd6 22.Red1 Rbd8 23.Qa3 Ne4 24.Nd2 Ng5 25.bxc5 bxc5 26.h4 Ne6 27.Nf3 
Qe7 28.Rb1 Ba8 29.Rd2 d4 30.cxd4 cxd4 31.Nxd4 Qxh4 32.Nf3 Bxf3 33.Rxd6 
Bxe2 34.Rxd8+ Qxd8 35.Qxa7 Qf6 36.Qa8+ Kh7 37.Qe4+ g6 38.Qb7 Qf5 39.Rc1 
Bd3 40.Qb2 h5 41.Rc8 Ng7 42.Qb8 g5 43.Rh8+ Kg6 44.Qd6+ Ne6 45.Qb8 Ng7 46.
Qd6+ Ne6 1/2-1/2

[Event "14th North Sea Cup"]
[Site "Esbjerg DEN"]
[Date "1996.??.??"]
[Round "9"]
[White "Joergensen, Michael"]
[Black "Venoe Jakobsen, Lars"]
[Result "0-1"]
[WhiteElo "2285"]
[BlackElo "2305"]
[EventDate "1996.??.??"]
[PlyCount "74"]

1.d4 Nf6 2.c4 e6 3.Nf3 Bb4+ 4.Bd2 Qe7 5.g3 Nc6 6.Nc3 O-O 7.Bg2 d5 8.a3 
Bxc3 9.Bxc3 a5 10.O-O Rd8 11.Ne5 Bd7 12.Qc2 Be8 13.Rad1 a4 14.h3 h6 15.Kh2
Ra6 16.f4 dxc4 17.e4 b5 18.d5 Nxe5 19.fxe5 Nh7 20.Qf2 c5 21.d6 Qa7 22.Qf4 
Nf8 23.h4 Qb6 24.Qg4 b4 25.axb4 cxb4 26.Bd4 Qb5 27.h5 a3 28.bxa3 Rxa3 29.
Rf6 Rd3 30.Rxd3 cxd3 31.Bf1 b3 32.Rf2 Rc8 33.Qd1 Rc2 34.Kg2 b2 35.Qb1 Qc4 
36.Bxb2 Qxe4+ 37.Kg1 Qe3 0-1

[Event "14th North Sea Cup"]
[Site "Esbjerg DEN"]
[Date "1996.??.??"]
[Round "9"]
[White "Kristensen, Leif"]
[Black "Roedgaard, John"]
[Result "1/2-1/2"]
[WhiteElo "2385"]
[BlackElo "2375"]
[EventDate "1996.??.??"]
[PlyCount "36"]

1.e4 e6 2.d4 d5 3.Nd2 Nf6 4.e5 Nfd7 5.Bd3 c5 6.c3 Nc6 7.Ne2 cxd4 8.cxd4 f6
9.exf6 Nxf6 10.Nf3 Bd6 11.O-O Qc7 12.Bg5 O-O 13.Rc1 Bd7 14.Bh4 Qb6 15.Qd2 
e5 16.dxe5 Nxe5 17.Nxe5 Bxe5 18.Bg3 Bxg3 1/2-1/2

[Event "14th North Sea Cup"]
[Site "Esbjerg DEN"]
[Date "1996.??.??"]
[Round "9"]
[White "Buus Pedersen, Hans"]
[Black "Poulton, James"]
[Result "0-1"]
[WhiteElo "2230"]
[BlackElo "2360"]
[EventDate "1996.??.??"]
[PlyCount "82"]

1.d4 Nf6 2.c4 g6 3.Nc3 Bg7 4.e4 d6 5.f3 O-O 6.Be3 e5 7.d5 Nh5 8.Qd2 Qh4+ 
9.Bf2 Qe7 10.O-O-O f5 11.exf5 gxf5 12.Bd3 Nf4 13.Bc2 Nxg2 14.h4 Nf4 15.Nh3
Nh5 16.Rdg1 Kh8 17.Rg5 Bh6 18.f4 Ng7 19.Rg2 Nd7 20.Ng5 Nf6 21.fxe5 dxe5 
22.Nf7+ Rxf7 23.Qxh6 Bd7 24.Rhg1 b6 25.h5 Ng8 26.Qe3 Qf6 27.Kb1 Re8 28.Rg6
Qd8 29.R6g5 f4 30.Qe1 Bf5 31.Ne4 Qd7 32.Bh4 c6 33.h6 Nxh6 34.Rxg7 Rxg7 35.
Bf6 Rg8 36.Qh4 Ng4 37.Rxg4 Bxg4 38.Ng5 Bf5 39.Ka1 Bxc2 40.Qh6 Bg6 41.dxc6 
Qd1# 0-1

[Event "14th North Sea Cup"]
[Site "Esbjerg DEN"]
[Date "1996.??.??"]
[Round "9"]
[White "Rewitz, Poul"]
[Black "Kristiansen, Jens"]
[Result "0-1"]
[WhiteElo "2320"]
[BlackElo "2440"]
[EventDate "1996.??.??"]
[PlyCount "57"]

1.e4 c5 2.b3 Nc6 3.Bb2 d6 4.Nc3 e5 5.Bc4 f5 6.Bxg8 Rxg8 7.Qh5+ g6 8.Qxh7 
Rg7 9.Qh6 Nd4 10.O-O-O Be6 11.Qe3 Rh7 12.f3 Bh6 13.Qf2 a5 14.h4 a4 15.h5 
axb3 16.axb3 gxh5 17.Kb1 Bxb3 18.cxb3 Qb6 19.Rc1 Qxb3 20.Rxh5 b5 21.Rxh6 
Rxh6 22.Qe3 f4 23.Qe1 b4 24.Qd1 bxc3 25.Qxb3 Nxb3 26.Rxc3 Nxd2+ 27.Kc2 Nf1
28.Rb3 Ne3+ 29.Kc3 0-1